000 00646nam a2200241Ia 4500
003 OSt
005 20220926013028.0
006 a|||||r|||| 00| 0
007 ta
008 220923b |||||||| |||| 00| 0 eng d
037 _cGeneral Book
040 _aRTL
_cRTL
_beng
041 _2eng
_aeng
082 _aH2, J9
100 _aMoorhouse W W
_9317729
245 0 _aStudy of rocks in thin section
260 _aNew York
_bHarper & Row U S A
_c1959
300 _axvii,514p.
_ccm.
490 _aHarper;s Geoscience Series
650 _aGeology
_915465
942 _hH2, J9
_cGB
_2CC
999 _c624993
_d624993